00662nam a2200229Ia 450000100060000000300090000600800410001504000130005604000130006904100130008210000180009510000290011324500550014224500540019725000110025126000110026226000100027326000490028330000410033265000280037365000310040113915IT-RoPAU130308s9999 xx 000 0 und d aIT-RoPAU cIT-RoPAU aITALIANO aRinaudo Fabio gCodice Aut. SPICS: 2026 aRoma, città aperta-Un film di Roberto Rossellini bRoma, Citta' Aperta-Un Film di Roberto Rossellini a1a ed. aPADOVA bRadar c1969 [1° Ed.:1969 - Ed.Ling.Originale:1969] a"64 p. (prefazione: no ; testo: 64)" aAUTORI/OPERE DEL CINEMA eCodice materia Spics: 6807